An Introduction to Journalism (Record no. 827)

MARC details
000 -LEADER
Fixed length control field 00467nam a2200169 4500
003 - CONTROL NUMBER IDENTIFIER
Control field SEACOMMC
005 - DATE AND TIME OF LATEST TRANSACTION
Control field 20250426115252.0
008 - FIXED-LENGTH DATA ELEMENTS--GENERAL INFORMATION
Fixed length control field 241205b |||||||| |||| 00| 0 eng d
020 ## - INTERNATIONAL STANDARD BOOK NUMBER / ISBN
International Standard Book Number 978-07-6194-181-1
Price Rs.395.00
040 ## - CATALOGING SOURCE
Original cataloging agency SEACOMMC
082 ## - DEWEY DECIMAL CLASSIFICATION NUMBER
Classification number 070.4
Book Number F 597
100 ## - MAIN ENTRY--PERSONAL NAME
Personal name Fleming, Carrole
245 1# - TITLE STATEMENT
Title An Introduction to Journalism
Statement of responsibility Carole Fleming...[et al.]
260 ## - IMPRINT
Place of publication New Delhi
Name of publisher Vistaar publications
Date of publication 2006
650 ## - SUBJECT ADDED ENTRY--TOPICAL TERM
Topical term Indian Journal
942 ## - ADDED ENTRY ELEMENTS (KOHA)
Koha item type Books
Holdings
Withdrawn status Lost status Source of classification Damaged status Not for loan Home library Current library Shelving location Date acquired Total Checkouts Call number Accession number Date last seen Price effective from Koha item type Copy number
    Dewey Decimal Classification     SEACOM MANAGEMENT COLLEGE SEACOM MANAGEMENT COLLEGE Reference 29/12/2007   070.4 F 597 M-1101 05/12/2024 05/12/2024 Books  
    Dewey Decimal Classification     SEACOM MANAGEMENT COLLEGE SEACOM MANAGEMENT COLLEGE   29/12/2007   070.4 F 597 M-1102 05/12/2024 05/12/2024 Books 1
© Seacom Engineering College, All rights reserved.    Powered by Koha